000 00751nam a2200229 i 4500
001 23057
003 ES-MaACL
005 20250829051558.0
007 t|
008 021209s1985 sp ||||1| spa d
020 _a84-00-05983-2
100 1 _aAlvar Ezquerra, Alfredo,
_d1960-
_920585
245 1 0 _aFelipe II, la Corte y Madrid en 1561 /
_cAlfredo Alvar Ezquerra.
260 _aMadrid :
_bCentro de Estudios Históricos,
_c1985.
300 _aVIII, 86 p., 1 lám. :
_bmap. ;
_c24 cm.
490 1 _aMonografías de historia moderna ;
_v1
504 _aBibliografía: p. 79-86.
830 0 _aMonografías de historia moderna ;
_v1
_9229023
852 _aES-MaACL
_jL-10468
_bR.112368
942 _2udc
999 _c23057
_d23057